Countries by Three Subdivisions - #2 - Statistics

General Stats
  • This quiz has been taken 50 times
  • The average score is 19 of 25
Answer Stats
Subdivisions Country % Correct
Giza, Matrouh, Suez Egypt
100%
West Java, North Kalimantan, Aceh Indonesia
100%
Luxembourg, East Flanders, Walloon Brabant Belgium
98%
Macedonia, Crete, Epirus Greece
98%
Hokkaido, Nagasaki, Osaka Japan
98%
Dubai, Sharjah, Arjman United Arab Emirates
98%
Washington, Tennessee, New Mexico United States
98%
Gelderland, Overijssel, Zeeland Netherlands
96%
Småland, Kalmar, Gotland Sweden
93%
Central Luzon, Central Visayas, Caraga Philippines
91%
Zadar, Split, Primorje-Gorski Kotar Croatia
87%
Gyeonggi, Gangwon, Jeju South Korea
87%
Rangpur, Chittagong, Sylhet Bangladesh
85%
Timbuktu, Gao, Kayes Mali
85%
Bashkortostan, Samara, North Ossetia-Alania Russia
85%
Gomel, Vitebsk, Grodno Belarus
74%
Potosí, Cochabamba, Oruro Bolivia
63%
Oran, Chlef, Illizi Algeria
61%
Zabul, Badakhshan, Nuristan Afghanistan
57%
Turkistan, Ulytau, Aqtöbe Kazakhstan
57%
Cabinda, Moxico, Namibe Angola
52%
Salto, Florida, Río Negro Uruguay
43%
Copán, Santa Bárbara, Yoro Honduras
41%
Zinder, Maradi, Dosso Niger
26%
Adamawa, Littoral, Far North Cameroon
24%
No matching quizzes found
Score Distribution
Percent of People with Each Score
Percentile by Number Answered
Your Score History
You have not taken this quiz